000 00797nam a22002297a 4500
005 20251108172517.0
008 250721s9999 xx 000 0 ara d
082 1 4 _a346.015/منص
100 1 _aمنصور، محمد حسين
245 1 0 _aأحكام الأسرة : المطبقة على المسيحيين المصريين /
264 1 _aالإسكندرية :
_bدار المطبوعات الجامعية،
300 _a482ص
490 0 _aسلسلة الكتب القانونية
650 1 7 _aقانون الأسرة
650 1 7 _aقانون الأحوال الشخصية لغيرالمسلمين
650 1 7 _aمصر
650 1 7 _aالحقوق الأسرية
650 1 7 _aالزواج
650 1 7 _aالشريعة الإسلامية
942 _2ddc
_cBK
999 _c81207
_d81207